000 00424pab a2200169 454500
008 180718b2004 xxu||||| |||| 00| 0 eng d
100 _aSingh, S.P.
245 _aRural-urban migration: a search for economic determinants
260 _c2004
300 _ap.55-67.
362 _aApr
650 _aRural migration
650 _aMigration
700 _aGhaffari, Hadi
773 _aAsian Economic Review
909 _a60880
999 _c60880
_d60880